| 000 | 01497cam a2200289 a 4500 | ||
|---|---|---|---|
| 999 |
_c9547 _d9547 |
||
| 001 | 15978309 | ||
| 003 | GBCCL | ||
| 005 | 20241126110714.0 | ||
| 008 | 091109s2010 njua 001 0 eng | ||
| 010 | _a 2009047315 | ||
| 020 | _a9781596381315 (pbk.) | ||
| 040 |
_aDLC _cDLC _dDLC |
||
| 050 | 0 | 0 |
_aBV4520 _b.W538 2010 |
| 082 | 0 | 0 |
_a253 _222 _bWIT |
| 100 | 1 |
_aWitmer, Timothy Z., _d1953- _916613 |
|
| 245 | 1 | 4 |
_aThe shepherd leader : _bachieving effective shepherding in your church / _cTimothy Z. Witmer. |
| 260 |
_aPhillipsburg, N.J. : _bP & R Pub., _cc2010. |
||
| 300 |
_axi, 268 p. : _bill. ; _c22 cm. |
||
| 500 | _aIncludes index. | ||
| 505 | 0 | _aNot a new idea: Old Testament themes -- Fulfillment: the Good Shepherd and the apostolic imperative -- Lost and found: where did all the shepherds go? -- The shepherd's biblical right to lead : a few words about authority -- Shepherds know the sheep -- Shepherds feed the sheep -- Shepherds lead the sheep -- Shepherds protect the sheep -- Seven essential elements of an effective shepherding ministry -- Implications of having a shepherding ministry -- Let's get started! Suggestions for implementation. | |
| 650 | 0 |
_aDiscipling (Christianity) _94375 |
|
| 650 | 0 |
_aElders (Church officers) _916614 |
|
| 650 | 0 |
_aChristian leadership. _91568 |
|
| 906 |
_a7 _bcbc _corignew _d1 _eecip _f20 _gy-gencatlg |
||
| 942 |
_2ddc _cBK _05 |
||